| 000 | 00592nam a2200241 a 4500 | ||
|---|---|---|---|
| 001 | 0001-1328 | ||
| 003 | ELIB.Books | ||
| 008 | 150806 2010 eng | ||
| 020 | _a1576739767 | ||
| 035 | _a(ELIB.Books)0001-1483 | ||
| 092 |
_a236.2 _bWil |
||
| 100 | _aWilkinson, Bruce. | ||
| 245 | _aA Life God Rewards | ||
| 260 |
_aZondervan _bMultnomah Books _c2002 |
||
| 300 |
_a124 _c16.5 Cm |
||
| 500 | _aDr. Min Oo | ||
| 650 | _aFuture Life | ||
| 856 |
_nKBTS: Library _uKBTS: Elib |
||
| 942 |
_2ddc _cBK |
||
| 990 | _a1 | ||
| 998 |
_cbat _e2015-08-06 |
||
| 999 |
_c11328 _d11328 |
||